1884 1427 1214 1570 1957 1048 1025 1621 1851 1429 1481 1191 1067 1539 1043 1825 1508 1210 1403 1894 1873 1385 1309 1757 1223 1530 1280 1295 1152 1291 1836 1122 1368 1066 1111 1131 1903 1882 1522 1373 1824 1448 1624 1451 1578 1972 1858 1757 1427 1998 1783 1522 1645 1898 1041 1912 1173 1969 1103 1573 1161 1094 1639 1245 1673 1604 1371 1140 1530 1183 1309 1437 1455 1279 1826 1239 1397 1006 1184 1102 1494 1312 1834 1882 1492 1936 1159 1283 1778 1172 1414 1590 1746 1849 1848 1788 1658 1207 1553 BCNSPRNW ULIB Ver.6.0+V

เปลี่ยนเป็นภาษาไทย

Change to English
 แสดงรายละเอียดบรรณานุกรม
  กลับหน้าหลัก

Brief Record : Get Marc (ISO 2709) : E-mail record : QR code < ปิดหน้าต่าง
LEADER : 00000nam 2200000uu 4500
001    13399108310
003     ULIB
008    110228s2552||||th 000 0 tha d
020    9789745925731
060 04 WY152^bว343ก 2552
100 0  วลัยพร นันท์ศุภวัฒน์
245 10 การพยาบาลผู้สูงอายุ :^bความท้าทายกับภาวะประชากรสูงอายุ /^cวลัยพร นันท์ศุภวัฒน์
250    พิมพ์ครั้งที่ 2
260    มหาสารคาม :^bโครงการตำราทางการพยาบาล คณะพยาบาลศาสตร์มหาวิทยาลัยมหาสารคาม,^c2552
300    [14], 335 หน้า :^bภาพประกอบ ;^c26 ซม.
650  7 การพยาบาลผู้สูงอายุ
650  7 ผู้สูงอายุ^xการดูแล
650  7 วัยชรา^xการพยาบาล
650  7 เวชศาสตร์ผู้สูงอายุ
710 2  มหาวิทยาลัยมหาสารคาม. ^bคณะพยาบาลศาสตร์
945    ^p250^l0^i025456
945    ^p250^l0^i025457
945    ^p250^l0^i025458
945    ^p250^l0^i025459
945    ^p250^l0^i025460
945    ^p250^l0^i025461
945    ^p250^l0^i025889
945    ^p250^l0^i025890
945    ^p250^l0^i026203
945    ^p250^l0^i026204
945    ^p250^l0^i026205
995    ทศพร
999 ^a ใช้งานได้ทุกระบบ
รายการนี้ยังไม่มีแท็ก
คุณยังไม่ได้ล็อกอิน คุณสามารถมีกิจกรรมร่วมกับเว็บไซต์ได้ แต่ต้องล็อกอินก่อน ::
  ล็อกอิน

รายการสื่อสารสนเทศ

ลำดับที่ ประเภท เลขเรียก/บาร์โค้ด สถานที่ สถานะ
- ไม่พบข้อมูล -

รายการใกล้เคียง
    ผู้แต่ง [วลัยพร นันท์ศุภวัฒน์]

    หัวเรื่อง [การพยาบาลผู้สูงอายุ]
    หัวเรื่อง [ผู้สูงอายุ การดูแล]
    หัวเรื่อง [เวชศาสตร์ผู้สูงอายุ]

BibComment


ยังไม่เคยถูกคอมเมนท์

คอมเมนท์ทรัพยากรรายการนี้
  คอมเมนท์: การพยาบาลผู้สูงอา..


 Copyright 2026. Bcnsprnw @Library